000 00848nam a22002177a 4500
999 _c7536
_d7536
003 AR-CdUCM
008 190320b ||||| |||| 00| 0 spa d
040 _aMUNICIPALIDAD PROVINCIAL DEL CUSCO
_cBIBLIOTECA MUNICIPAL DEL CUSCO
082 _a335.4 /
_bC58
100 _aCivera, Marin
_919483
245 _aEl marxismo :
_bOrigen y doctrina /
260 _aMéxico :
_bEditorial hispano americana,
_c1963.
300 _a176 páginas :
_c17 cm.
440 _aSección 14 Ciencias sociales
_n166/166a
_921273
505 _aContenido: Precursores del Marxismo -- El marxismo -- Economía Marxista -- La ganancia capitalista -- El imperialismo económico -- Marxismo y derecho -- Pormarxismo -- El neomarxismo.
650 _aCapitalismo
_93221
650 _aEconomía
_9382
650 _aCiencias sociales
_91096
942 _2ddc
_cLIBROS
945 _adavv